| 000 | 00494nam a2200169 4500 | ||
|---|---|---|---|
| 001 | 148302 | ||
| 003 | ES-MaACL | ||
| 005 | 20230906202537.0 | ||
| 007 | t| | ||
| 008 | 070214s1920 gw r ||||1| ger d | ||
| 100 | 1 |
_aStorm, Theodor. _9108333 |
|
| 245 | 1 | 0 |
_aIm nachbarhause links _b: ; Psyche / _cvon Theodor Storm. |
| 260 |
_aBerlin : _bGebrüder Paetel, _c1920 ( _eAltenburg : _fStephan Geibel) |
||
| 300 |
_a104 p. ; _c16 cm. |
||
| 740 | 0 | _aPsyche. | |
| 852 |
_aES-MaACL _jC-4639 _bR.24382 |
||
| 999 |
_c148302 _d148302 |
||